00541nam a2200157Ia 450000500170000000800410001708200150005824500480007326000540012130000210017550000440019670000250024094200060026595200970027199900150036820250528034228.0240331s9999 xx 000 0 und d a303.6bNAT 0a Yuddaye durvipaka Cost of War :bSri Lanka aSri LankabSri Lanka National Peace Councilc1998 a31 p ., ( c 2)  aThe evil eye (the consequences of fear) aSama Mandalaya.eedt cL 001040708LaWERCLbWERCLcSSCd2024-03-31l0o 303.6 NATp1902r2024-03-31w2024-03-31yL c1297d1297